Nový zákon o daniach z príjmov platný od 1. januára 2000

Dokončenie z Trendu č. 4/2000. Zmeny, ktoré priniesol nový zákon o daniach z príjmov platný od 1. januára 2000. Právnické osoby.

Na minha lista:
Detalhes bibliográficos
Autor principal: Kocián, Ľudovít
Formato: Capítulo de Livro
Idioma:eslovaco
Assuntos:
Tags: Adicionar Tag
Sem tags, seja o primeiro a adicionar uma tag!

MARC

LEADER 00000naa a2200000 4500
001 r037199
005 20230921105450.6
041 0 |a slo 
044 |a SK 
245 1 0 |a Nový zákon o daniach z príjmov platný od 1. januára 2000  |c Ľudovít Kocián 
520 |a Dokončenie z Trendu č. 4/2000. Zmeny, ktoré priniesol nový zákon o daniach z príjmov platný od 1. januára 2000. Právnické osoby. 
610 2 0 |a dane z príjmov 
610 2 0 |a zákony 
610 2 0 |a Slovensko 
610 2 0 |a osoby právnické 
610 2 0 |a 2000 
100 1 |a Kocián, Ľudovít